000
00319nam a2200145Ia 4500
008
200615s9999||||xx |||||||||||||| ||und||
020
_a
9789350780732
082
_a
581
_b
IMM-L
100
_a
LAL,SS
245
0
_a
IMMUNOLOGY
250
_a
2ND
260
_a
NEW DELHI
_b
RASTOGI PUB
_c
2018
300
_a
475
942
_c
BK
999
_c
31326
_d
31326